000 00534nam a22001937a 4500
003 KOHA_MİRAKIL
005 20250624132130.0
008 250624b tu ||||| |||| 00| 0 tur d
020 _a9786052902400
040 _aTR-AnABB
_btur
_cTR-AnABB
041 _atur
082 _a813.42
_bALB 2022
100 1 _aAlbayrak, Cihat,
245 1 0 _aHuzur koleksiyoncusu /
_cCihat Albayrak
260 _aİstanbul :
_bOkur Kitaplığı,
_c2022
300 _a214 sayfa ;
_c20 cm
650 0 4 _aTürk edebiyatı, roman
942 _2ddc
_cBK
999 _c8907
_d8907
900 _bGizem YORULMAZ